000 00287nam a22001217a 4500
008 170925b xxu||||| |||| 00| 0 eng d
041 _aeng
080 _a37
100 _a46
101 _aEDU
245 _aEFFECTIVE PRACTICE FOR IMPROVING TEACHING
_cTHEALL.M
942 _2udc
_cBK
999 _c29587
_d29587